| 000 | 00478nam a22001697a 4500 | ||
|---|---|---|---|
| 003 | NUST - PNEC | ||
| 005 | 20170116181134.0 | ||
| 008 | 151007b xxu||||| |||| 00| 0 eng d | ||
| 020 | _a8129705524 | ||
| 040 | _cLIBRARY | ||
| 082 | _a658.562 SMI | ||
| 100 |
_914170 _aSmith, Gerald |
||
| 245 |
_aStatistical process control and quality improvement _cGerald M. Smith |
||
| 260 | _cc.2004 | ||
| 650 |
_914172 _aProcess control--Statistical methods _xMS CONT |
||
| 942 |
_2ddc _cBK |
||
| 999 |
_c70145 _d70145 |
||